[Event "Santa Cruz op 8th"]
[Site "Santa Cruz"]
[Date "2024.01.13"]
[Round "6"]
[White "Salazar Salinas, Maria Jose"]
[Black "El Hage Serrano, Caely Dilsa"]
[Result "1-0"]
[WhiteElo "1263"]
[BlackElo "1521"]
[PlyCount "203"]
[EventDate "2024.01.11"]
[EventType "swiss"]
[EventRounds "7"]
[EventCountry "BOL"]
[SourceTitle "CB04_2024"]
[SourceDate "2023.10.16"]
[SourceVersion "1"]
[SourceVersionDate "2023.10.16"]
[SourceQuality "1"]

1. e4 e6 2. d4 d5 3. Nc3 Nf6 4. Bg5 Be7 5. e5 Nfd7 6. Bxe7 Qxe7 7. f4 a6 8. Nf3 c5 9. dxc5 Nxc5 10. Qd2 Nc6 11. Bd3 b5 12. Qe3 Bb7 13. Ne2 Rc8 14. 0-0 Nb4 15. Ned4 Ncxd3 16. cxd3 g6 17. a3 Nc6 18. Rac1 0-0 19. Nxc6 Bxc6 20. Rc5 d4 21. Qxd4 Rfd8 22. Qc3 Qb7 23. Rc1 Bd7 24. Rxc8 Rxc8 25. Qd2 Qb6+ 26. Kf1 Rxc1+ 27. Qxc1 b4 28. Ke2 bxa3 29. bxa3 Bb5 30. Qc3 Bc6 31. d4 Bd5 32. Qb4 Qc6 33. Qc5 Qa4 34. Qc3 Qb5+ 35. Kf2 Kg7 36. Nd2 Qb7 37. Nf3 Qb1 38. Nd2 Qd1 39. h3 h5 40. Nf1 Qb1 41. Nd2 Qa2 42. g4 hxg4 43. hxg4 Bb7 44. Ke3 Qd5 45. Qd3 Qg2 46. Ne4 Qxg4 47. Qf1 Qf5 48. Nd6 Qc2 49. Nxb7 Qb3+ 50. Qd3 Qxb7 51. Qc4 a5 52. a4 Qb2 53. Qb5 Qc3+ 54. Qd3 Qc1+ 55. Kf3 Qh1+ 56. Ke3 Qh3+ 57. Ke2 Qg2+ 58. Ke3 Qg3+ 59. Ke4 Qe1+ 60. Kf3 Qb4 61. Qd1 Qc3+ 62. Ke4 f5+ 63. exf6+ Kxf6 64. Qe2 Qc6+ 65. Kd3 Qxa4 66. Qe5+ Kf7 67. Qc7+ Kf8 68. Qd8+ Kf7 69. Qc7+ Ke8 70. Qc8+ Ke7 71. Qc7+ Qd7 72. Qxa5 Qb7 73. Qc5+ Kd7 74. Qe5 Qb3+ 75. Ke2 Qc2+ 76. Kf3 Qf5 77. Ke3 Kc6 78. Qe4+ Kd6 79. Qf3 Qc2 80. Qe4 Qc3+ 81. Kf2 Qd2+ 82. Kf3 Qd1+ 83. Kf2 Qg4 84. Qe5+ Kc6 85. Ke3 Qf5 86. Qe4+ Kb5 87. Qe5+ Kc4 88. Qc7+ Kb3 89. Qb6+ Kc3 90. Qc5+ Kb3 91. Qxf5 gxf5 92. d5 exd5 93. Kd4 Kb4 94. Kxd5 Kb5 95. Ke5 Kc6 96. Kxf5 Kd7 97. Kf6 Ke8 98. Kg7 Ke7 99. f5 Kd6 100. f6 Ke6 101. f7 Ke5 102. f8Q 1-0

[Event "Pan American-ch School U13 Girls 12th"]
[Site "Callao"]
[Date "2023.10.20"]
[Round "8"]
[White "El Hage Serrano, Caely Dilsa"]
[Black "Condori Quispe, Leysi Azucena"]
[Result "1-0"]
[WhiteElo "1564"]
[BlackElo "1038"]
[PlyCount "107"]
[EventDate "2023.10.16"]
[EventType "swiss"]
[EventRounds "9"]
[EventCountry "PER"]
[SourceTitle "Mega2024 Update 01"]
[Source "Chessbase"]
[SourceDate "2023.11.12"]
[SourceVersion "1"]
[SourceVersionDate "2023.11.12"]
[SourceQuality "1"]

1. e4 e5 2. Nf3 Nc6 3. Bc4 Bc5 4. c3 Nf6 5. d4 exd4 6. e5 d5 7. Bb5 Nd7 8. cxd4 Bb4+ 9. Nc3 Ne7 10. a3 Ba5 11. 0-0 a6 12. Bd3 c5 13. dxc5 Bxc3 14. bxc3 Nxc5 15. Bc2 Bg4 16. h3 Bh5 17. Be3 Qc7 18. Re1 Ne4 19. Bxe4 dxe4 20. Qa4+ b5 21. Qxe4 0-0 22. Rac1 Rac8 23. Nh4 Qa5 24. Qb4 Nc6 25. Qxa5 Nxa5 26. g4 Bg6 27. Nxg6 hxg6 28. Bd4 Nb3 29. Rcd1 Rfd8 30. Kg2 a5 31. Re3 b4 32. axb4 axb4 33. Red3 Nxd4 34. cxd4 Rd5 35. Kf3 Rc3 36. Rxc3 bxc3 37. Ke4 Rd7 38. Rc1 Rc7 39. Kd3 Kf8 40. Rxc3 Rxc3+ 41. Kxc3 Ke7 42. f4 Ke6 43. Kc4 Kd7 44. Kc5 Kc7 45. h4 Kd7 46. d5 Kc7 47. f5 gxf5 48. gxf5 Kd7 49. h5 Ke7 50. Kc6 Ke8 51. Kc7 Ke7 52. d6+ Ke8 53. d7+ Ke7 54. d8Q# 1-0

[Event "La Paz op"]
[Site "La Paz"]
[Date "2022.09.15"]
[Round "1"]
[White "Ticona Rocabado, Licael Roderick"]
[Black "El Hage Serrano, Caely Dilsa"]
[Result "1-0"]
[WhiteElo "2262"]
[BlackElo "1552"]
[PlyCount "79"]
[EventDate "2022.09.15"]
[EventType "swiss"]
[EventRounds "7"]
[EventCountry "BOL"]
[SourceTitle "EXT 2023"]
[Source "ChessBase"]
[SourceDate "2022.10.05"]
[SourceVersion "1"]
[SourceVersionDate "2022.10.05"]
[SourceQuality "1"]

1. Nf3 e6 2. d4 d5 3. c4 Nf6 4. e3 Nbd7 5. Nc3 c6 6. Bd3 Be7 7. 0-0 Nf8 8. Ne5 Ng6 9. f4 Bd7 10. c5 b6 11. b4 Qc7 12. g4 bxc5 13. bxc5 0-0 14. g5 Ne8 15. h4 Nxe5 16. fxe5 Bxc5 17. Qc2 Be7 18. Bxh7+ Kh8 19. g6 f6 20. Qf2 c5 21. Qf3 cxd4 22. exd4 Qc4 23. Ne2 Bb5 24. Rf2 Qd3 25. Qh5 Qd1+ 26. Kg2 Bxe2 27. Rxe2 Qxe2+ 28. Qxe2 fxe5 29. Bg5 Bxg5 30. hxg5 Rf5 31. dxe5 Rxg5+ 32. Kh3 Rc8 33. Rf1 Nc7 34. Qe3 Rf5 35. Rxf5 exf5 36. Qc5 f4 37. e6 d4 38. e7 d3 39. Qxc7 Rxc7 40. e8Q# 1-0

[Event "Pan American-ch U12 Girls"]
[Site "Montevideo"]
[Date "2022.06.27"]
[Round "2"]
[White "El Hage Serrano, Caely Dilsa"]
[Black "Quintela, Sol"]
[Result "1-0"]
[WhiteElo "1402"]
[BlackElo "1059"]
[PlyCount "69"]
[EventDate "2022.06.26"]
[EventType "swiss"]
[EventRounds "9"]
[EventCountry "URU"]
[SourceTitle "EXT 2023"]
[Source "ChessBase"]
[SourceDate "2022.10.05"]
[SourceVersion "1"]
[SourceVersionDate "2022.10.05"]
[SourceQuality "1"]

1. e4 e5 2. Nf3 Nc6 3. c3 Nf6 4. Be2 Ng8 5. Bf1 d6 6. d3 Nf6 7. Be2 Be7 8. Nbd2 0-0 9. 0-0 Bd7 10. Re1 Qc8 11. Nf1 Bg4 12. Ne3 Nh5 13. Nxg4 Nf4 14. Bxf4 exf4 15. h3 Rd8 16. Qd2 Ne5 17. Qxf4 Ng6 18. Qf5 d5 19. Qxc8 Raxc8 20. exd5 Rxd5 21. d4 Nf4 22. Bc4 Rd7 23. Nfe5 Rdd8 24. Nxf7 Rf8 25. Rxe7 Ng6 26. Nfe5+ Kh8 27. Nxg6+ hxg6 28. Rae1 Kh7 29. Rd7 Rfe8 30. Nf6+ Kh6 31. Nxe8 g5 32. Nxg7 Rh8 33. Re6+ Kh7 34. Nf5+ Kg8 35. Rf6# 1-0

[Event "BOL-ch sf (Women)"]
[Site "La Paz"]
[Date "2021.07.25"]
[Round "7"]
[White "Espinoza Coca, Laura"]
[Black "El Hage Serrano, Caely Dilsa"]
[Result "1-0"]
[WhiteElo "1086"]
[BlackElo "1189"]
[PlyCount "105"]
[EventDate "2021.07.22"]
[EventType "swiss"]
[EventRounds "7"]
[EventCountry "BOL"]
[SourceTitle "EXT 2022"]
[Source "ChessBase"]
[SourceDate "2021.10.06"]
[SourceVersion "1"]
[SourceVersionDate "2021.10.06"]
[SourceQuality "1"]

1. e4 e6 2. d4 d5 3. e5 c5 4. c3 Qb6 5. f4 Nc6 6. Nf3 Be7 7. Be2 cxd4 8. cxd4 Nh6 9. Be3 Qxb2 10. Nbd2 Nf5 11. Bf2 Nfxd4 12. Nxd4 Nxd4 13. Bd3 Nc6 14. 0-0 Qc3 15. Nb3 Bd7 16. Rb1 0-0 17. Be1 Qxd3 18. Qxd3 f5 19. Nd4 b6 20. Nxc6 Bxc6 21. Bb4 Bxb4 22. Rxb4 Be8 23. Rc1 Bf7 24. Qa6 Rfd8 25. Rd4 Rf8 26. Rc7 b5 27. a4 bxa4 28. Rxa4 Rab8 29. h3 Rb1+ 30. Kh2 Rb6 31. Qxa7 Rb2 32. Qc5 Rbb8 33. Raa7 Rbd8 34. Rd7 Rde8 35. Rac7 Ra8 36. Rd6 Rfe8 37. Rdc6 Rad8 38. Rc8 Kh8 39. Rxd8 Rxd8 40. Rc8 Rxc8 41. Qxc8+ Bg8 42. g4 g6 43. Qf8 h6 44. Qxh6+ Bh7 45. Qf8+ Bg8 46. Qf6+ Kh7 47. Kg3 Kh6 48. g5+ Kh7 49. h4 d4 50. h5 Bf7 51. Qxf7+ Kh8 52. h6 d3 53. Qg7# 1-0